Statistics for Countries by Borders Chain Game

Click here to take the quiz!

General Stats

  • This quiz has been taken 98 times
  • The average score is 18 of 20

Answer Stats

Border Country % Correct
CanadaUnited States
100%
IndiaNepal
97%
KosovoSerbia
97%
SwedenNorway
95%
Saudi ArabiaYemen
93%
GermanyNetherlands
93%
MontenegroAlbania
92%
ThailandLaos
92%
TunisiaAlgeria
91%
LibyaEgypt
91%
PakistanAfghanistan
91%
NigeriaNiger
91%
BrazilSuriname
89%
BulgariaRomania
89%
YemenOman
87%
South AfricaLesotho
86%
IranAzerbaijan
83%
ChinaTajikistan
82%
MauritaniaSenegal
80%
Pacific OceanNauru
64%

Score Distribution

Percentile by Number Answered

Percent of People with Each Score

Your Score History

You have not taken this quiz